000 00412nam a2200145Ia 4500
008 151021s9999 xx 000 0 und d
020 _a421927801
050 _aKD 3009.5 .B45 2005
245 _a_Employment Law (3rd ed.) / Andrew C. Bell
260 _aLondon : Sweet &Maxwell, 2006
300 _ax,137 p.
500 _aIncludes index
650 _a_Employment Law
980 _a^d20110318 11:18:52^okilerai
999 _c6860
_d6860